Bianto y su señor / (Registro nro. 14549)

Detalles MARC
000 -LIDER
fixed length control field 00806nam a2200265 i 4500
003 - IDENTIFICACDOR DE NÚMERO DE CONTROL
control field DO-SdBNP
005 - DATE AND TIME OF LATEST TRANSACTION
control field 20240131121154.0
007 - CAMPOS FIJOS DE DESCRIPCIÓN FÍSICA
fixed length control field ta
008 - ELEMENTOS DE LONGITUD FIJA
fixed length control field 230511e2006 dr |||| 000 e spa d
020 ## - ISBN
International Standard Book Number 9945405632
040 ## - FUENTE DE CATALOGACIÓN
Agencia que crea de manera original el registro DO-SdBNP
Idioma de catalogación spa
Agencia que realiza la transcripción BPMSU
Convenciones de la despripción rda
082 #4 - NÚMERO DE CLASIFICACIÓN DECIMAL DE DEWEY
Classification number RD862.44
Item number S489b 2006
Edition number 22
100 1# - ASIENTO PRINCIPAL -- NOMBRE PERSONAL
Nombre personal Serrulle, Haffe,
Fechas asociadas con el nombre 1947-
Mención de responsabilidad autor
245 10 - MENCIÓN DE TITULO
Título Bianto y su señor /
Mención de responsabilidad Haffe Serulle.
264 ## - PRODUCTION, PUBLICATION, DISTRIBUTION, MANUFACTURE, AND COPYRIGHT NOTICE
Place of production, publication, distribution, manufacture Santo Domingo :
Name of producer, publisher, distributor, manufacturer Fundación para la Educación y el Arte,
Date of production, publication, distribution, manufacture, or copyright notice 2006.
300 ## - DESCRIPCIÓN FÍSICA
Extensión 90 páginas ;
Dimensiones 20 cm.
336 ## - CONTENT TYPE
Source rdaconten
Content type term texto
Content type code txt
337 ## - MEDIA TYPE
Source rdamedia
Media type term sin medición
Media type code n
338 ## - CARRIER TYPE
Source rdacarrier
Carrier type term volumen
Carrier type code nc
590 ## - NOTA LOCAL
Texto de la nota local Inventariado 2024 /VM
650 #4 - ENCABEZAMIENTO DE MATERIA--TEMÁTICO
Término temático o nombre geográfico como elemento de entrada Teatro Dominicano
650 #4 - ENCABEZAMIENTO DE MATERIA--TEMÁTICO
Término temático o nombre geográfico como elemento de entrada Literatura dominicana
Subdivisión geográfica
910 ## - VALIDACIÓN
Validación VMateo V. Control de calidad. BPMSU
942 ## - ADDED ENTRY ELEMENTS (KOHA)
Source of classification or shelving scheme Dewey Decimal Classification
Koha item type Libros
Existencias
Withdrawn status Lost status Source of classification or shelving scheme Damaged status Not for loan Collection code Home library Current library Date acquired Total Checkouts Full call number Barcode Date last seen Price effective from Koha item type Copy number
    Dewey Decimal Classification     Colección Dominicana Biblioteca Pública Metropolitana Salomé Ureña Biblioteca Pública Metropolitana Salomé Ureña 01/31/2024   BPMSU CD RD862.44 S489b 2006 BPMSU24010053 01/31/2024 01/31/2024 Libros  
    Dewey Decimal Classification     Colección Dominicana Biblioteca Pública Metropolitana Salomé Ureña Biblioteca Pública Metropolitana Salomé Ureña 01/31/2024   BPMSU CD RD862.44 S489b 2006 BPMSU24010054 01/31/2024 01/31/2024 Libros e.2
    Dewey Decimal Classification     Colección Dominicana Biblioteca Pública Metropolitana Salomé Ureña Biblioteca Pública Metropolitana Salomé Ureña 01/31/2024   BPMSU CD RD862.44 S489b 2006 BPMSU24010055 01/31/2024 01/31/2024 Libros e.3